Datum a čas kvízu
26
Celkem bodů
Celkový počet nahraných bodů na tomto kvízu bez doplňovacích otázek.
7.
Pořadí na kvízu
Konečné umístění týmu na tomto kvízu.
Zaznamenané odpovědi
| # | Otázka | Odpověď | Body | Výsledky |
|---|---|---|---|---|
| 1. | Čtveřice samců kriticky ohrože... | C) sudokopytníci | 1 | |
| 2. | Slovenský premiér Robert Fico... | B) závozník v pekárně | 0 | |
| 3. | Minulý týden jsme se dozvěděli... | Django; Zorro | 0.5 | |
| 4. | Který stát překvapivě a bez ko... | B | 0 | |
| 5. | Hokejisté klubu Dynamo Pardubi... | Roman Červenka | 1 | |
| 6. | Ve filmu Sedm sledujeme detekt... | závist (J. Doe), hněv (detektiv Mills) | 0 | |
| 7. | Tato fotka je známým interneto... | Americké psycho | 0 | |
| 8. | Postava Karla Kopfrkingla je p... | chrám smrti | 1 | |
| 9. | Přiřaďte zločince k jejich fil... | 1C 2B 3D 4A | 0 | |
| 10. | Mladý syn se poprvé přímo zapo... | Kmotr, Mario Puzo | 0.5 |